000 00599nam a2200217Ia 4500
005 20250508163856.0
008 008 250505s9999 xx 000 0 eng d
020 _a0-7619-5824-X
037 _aReference
040 _aFEDL
_beng
_cFEDL
041 _aeng
_2eng
084 _a306, ATK
_qFEDL
100 _aAtkinson Paul (et al) Ed.
_920907
245 0 _aHandbook of ethnography
260 _aLondon, UK
_bSage Publications
_c2001
300 _axviii, 507p.
365 _aGBP
_b75
650 _aCulture; Ethnography
_9776638
942 _cREF
_h306, ATK
999 _c1385741
_d1385741